Numerical Methods / (Record no. 212445)
[ view plain ]
| 000 -LEADER | |
|---|---|
| fixed length control field | 01034 a2200169 4500 |
| 003 - CONTROL NUMBER IDENTIFIER | |
| control field | Nust |
| 005 - DATE AND TIME OF LATEST TRANSACTION | |
| control field | 20221124104117.0 |
| 040 ## - CATALOGING SOURCE | |
| Transcribing agency | Nust |
| 082 ## - DEWEY DECIMAL CLASSIFICATION NUMBER | |
| Classification number | 519.4,VED |
| 100 ## - MAIN ENTRY--PERSONAL NAME | |
| Personal name | Vedamurthy, V.N. |
| 9 (RLIN) | 103471 |
| 245 ## - TITLE STATEMENT | |
| Title | Numerical Methods / |
| Statement of responsibility, etc. | V.N.Vedamurthy, N. Ch. S. N. Iyengar |
| 260 ## - PUBLICATION, DISTRIBUTION, ETC. | |
| Place of publication, distribution, etc. | New York, |
| Name of publisher, distributor, etc. | N.Y. : Wiley |
| Date of publication, distribution, etc. | c1985. |
| 300 ## - PHYSICAL DESCRIPTION | |
| Extent | 12.47 p |
| 505 ## - FORMATTED CONTENTS NOTE | |
| Formatted contents note | Empirical Laws and Curve Fitting (Page -1.1), Theory of Equations (Page-2.1), Solution to Numerical , Algebraic and Transcendental Equations (Page-3.1), Simulataneous Linear Algebraic Equations (Page-4.1), Finite Differences (Page-5.1), Interpolation With Equal Intervals (Page-6.1), Central Difference Interpolation Formulae (Page-7.1) Interpolation with Unequal Intervals (Page-8.1), Numerical Differentiation and Integration (Page-9.1), Difference Equaions (10.1), Numerical Solution to Ordinary Differential Equations (Page-11.1), Numerical Solution to Partial Differential Equations (Page-11.1). |
| 650 ## - SUBJECT ADDED ENTRY--TOPICAL TERM | |
| Topical term or geographic name entry element | Numerical Methods |
| 9 (RLIN) | 56168 |
| 942 ## - ADDED ENTRY ELEMENTS (KOHA) | |
| Source of classification or shelving scheme | |
| Koha item type | Book |
| Call number prefix | 519.4,VED |
| Withdrawn status | Lost status | Source of classification or shelving scheme | Damaged status | Not for loan | Permanent Location | Current Location | Shelving location | Date acquired | Total Checkouts | Full call number | Barcode | Date last seen | Date last checked out | Price effective from | Koha item type | Public note |
|---|---|---|---|---|---|---|---|---|---|---|---|---|---|---|---|---|
| Military College of Signals (MCS) | Military College of Signals (MCS) | General Stacks | 12/12/2016 | 2 | 519.4,VED | MCS37128 | 03/17/2026 | 02/09/2026 | 12/12/2016 | Book | Almirah No.14, Shelf No.4 | |||||
| Military College of Signals (MCS) | Military College of Signals (MCS) | General Stacks | 12/12/2016 | 519.4,VED | MCS37129 | 12/08/2016 | 12/12/2016 | Book | Almirah No.72, Shelf No.1 |
